Waste disposal site (Record no. 61945)

MARC details
000 -LEADER
fixed length control field 00838cam a2200217 4500
001 - CONTROL NUMBER
control field WB3548-19
008 - FIXED-LENGTH DATA ELEMENTS--GENERAL INFORMATION
fixed length control field 000000n1999 000 0 eng u
035 ## - SYSTEM CONTROL NUMBER
System control number (Sirsi) u103076
245 ## - TITLE STATEMENT
Title Waste disposal site
260 ## - PUBLICATION, DISTRIBUTION, ETC.
Date of publication, distribution, etc. 1999
490 ## - SERIES STATEMENT
Series statement Estates Gazette Case Summaries
Volume/sequential designation [1999] EGCS 141(1)
520 ## - SUMMARY, ETC.
Summary, etc. "Coventry and Solihull Waste Disposal Co Ltd v Russell (VO)" HL 25 November 1999. Discusses whether an incineration waste disposal service which also generated heat and electricity should be assessed for its rateable value under Electricity Generators (Rateable Value) Order 1989.
590 ## - LOCAL NOTE (RLIN)
Local note WB
650 0# - SUBJECT ADDED ENTRY--TOPICAL TERM
Topical term or geographic name entry element RATEABLE VALUE
650 ## - SUBJECT ADDED ENTRY--TOPICAL TERM
Topical term or geographic name entry element WASTE INCINERATION
650 ## - SUBJECT ADDED ENTRY--TOPICAL TERM
Topical term or geographic name entry element WASTE DISPOSAL
650 ## - SUBJECT ADDED ENTRY--TOPICAL TERM
Topical term or geographic name entry element COMBINED HEAT AND POWER
650 ## - SUBJECT ADDED ENTRY--TOPICAL TERM
Topical term or geographic name entry element RATING ASSESSMENTS
690 ## - LOCAL SUBJECT ADDED ENTRY--TOPICAL TERM (OCLC, RLIN)
Topical term or geographic name as entry element RATING AND VALUATION-CASE LAW
942 ## - ADDED ENTRY ELEMENTS (KOHA)
Suppress in OPAC 0
Holdings
Withdrawn status Lost status Source of classification or shelving scheme Damaged status Not for loan Home library Current library Shelving location Date acquired Total Checkouts Full call number Barcode Date last seen Copy number Price effective from Koha item type
    Dewey Decimal Classification     London London News article 09/12/1999   WB3548-19 103076-1001 06/08/2019 1 06/08/2019 News article